Freshman Class of the 117th Congress - Statistics

General Stats
  • This quiz has been taken 12 times
  • The average score is 55 of 85
Answer Stats
Picture Hint Answer % Correct
California Senate (D) Alex Padilla
100%
New Mexico Senate (D) Ben Ray Luján
100%
Tennessee Senate (R) Bill Hagerty
100%
Florida 19 (R) Byron Donalds
100%
Missouri 1 (D) Cori Bush
100%
New York 16 (D) Jamaal Bowman
100%
Georgia Senate (D) Jon Ossoff
100%
Colorado 3 (R) Lauren Boebert
100%
Iowa 2 (R) Mariannette Miller-Meeks
100%
Georgia 14 (R) Marjorie Taylor Greene
100%
Alaska At-Large (D) Mary Peltola
100%
South Carolina 1 (R) Nancy Mace
100%
Georgia Senate (D) Raphael Warnock
100%
Kansas Senate (R) Roger Marshall
100%
Alabama Senate (R) Tommy Tuberville
100%
California 39 (R) Young Kim
100%
Wyoming Senate (R) Cynthia Lummis
86%
Colorado Senate (D) John Hickenlooper
86%
Florida 3 (R) Kat Cammack
86%
North Carolina 11 (R) Madison Cawthorn
86%
Illinois 15 (R) Mary Miller
86%
California 51 (D) Sara Jacobs
86%
Florida 20 (D) Sheila Cherfilus-McCormick
86%
Alabama 2 (R) Barry Moore
71%
Utah 1 (R) Blake Moore
71%
Georgia 7 (D) Carolyn Bourdeaux
71%
New York 22 (R) Claudia Tenney
71%
North Carolina 2 (D) Deborah Ross
71%
Florida 27 (R) María Elvira Salazar
71%
Montana At-Large (R) Matt Rosendale
71%
New Mexico 1 (D) Melanie Stansbury
71%
Minnesota 7 (R) Michelle Fischbach
71%
California 48 (R) Michelle Steel
71%
Georgia 5 (D) Nikema Williams
71%
New York 19 (D) Pat Ryan
71%
Texas 17 (R) Pete Sessions
71%
Iowa 4 (R) Randy Feenstra
71%
New Mexico 2 (R) Yvette Herrell
71%
Iowa 1 (R) Ashley Hinson
57%
Utah 4 (R) Burgess Owens
57%
Florida 26 (R) Carlos A. Giménez
57%
Oregon 2 (R) Cliff Bentz
57%
California 50 (R) Darrell Issa
57%
California 21 (R) David Valadao
57%
Indiana 1 (D) Frank Mrvan
57%
Massachusetts 4 (D) Jake Auchincloss
57%
Hawaii 2 (D) Kai Kahele
57%
Illinois 3 (D) Marie Newman
57%
Nebraska 1 (R) Mike Flood
57%
New York 17 (D) Mondaire Jones
57%
Michigan 3 (R) Peter Meijer
57%
New York 15 (D) Ritchie Torres
57%
Texas 13 (R) Ronny Jackson
57%
New Mexico 3 (D) Teresa Leger Fernandez
57%
Louisiana 2 (D) Troy Carter
57%
Indiana 5 (R) Victoria Spartz
57%
Georgia 9 (R) Andrew Clyde
43%
New York 2 (R) Andrew Garbarino
43%
Texas 11 (R) August Pfluger
43%
Texas 24 (R) Beth Van Duyne
43%
Virginia 5 (R) Bob Good
43%
Minnesota 1 (R) Brad Finstad
43%
California 22 (R) Connie Conway
43%
Tennessee 1 (R) Diana Harshbarger
43%
Texas 6 (R) Jake Ellzey
43%
Kansas 2 (R) Jake LaTurner
43%
California 8 (R) Jay Obernolte
43%
Alabama 1 (R) Jerry Carl
43%
Louisiana 5 (R) Julia Letlow
43%
North Carolina 6 (D) Kathy Manning
43%
Michigan 10 (R) Lisa McClain
43%
Washington 10 (D) Marilyn Strickland
43%
Texas 34 (R) Mayra Flores
43%
Ohio 15 (R) Mike Carey
43%
New York 11 (R) Nicole Malliotakis
43%
Texas 4 (R) Pat Fallon
43%
Indiana 2 (R) Rudy Yakym
43%
Wisconsin 5 (R) Scott Fitzgerald
43%
Florida 15 (R) Scott Franklin
43%
Ohio 11 (D) Shontel Brown
43%
Oklahoma 5 (R) Stephanie Bice
43%
Texas 23 (R) Tony Gonzales
43%
Kansas 1 (R) Tracey Mann
43%
Texas 22 (R) Troy Nehls
43%
New York 23 (R) Joe Sempolinski
14%
No matching quizzes found
Score Distribution
Percent of People with Each Score
Percentile by Number Answered
Your Score History
You have not taken this quiz